LDR 00762naa#a2200169#i#450# 001 EN\\bibl\126829 005 20260701011346.3 011 ## _a2782-4926 100 ## _a20260630b2026####ek#y0engy0150####ca 102 ## _aRU 200 1# _aMYCOLOGICAL ELEMENTS IN VIDEO GAMES: THE PORTRAYAL OF MYCOPHILIC AND MYCOPHOBIC THEMES IN CONTEMPORARY CULTURE _eJournal article 210 1# _aKrasnoyarsk _cKrasnoyarsk regional public organization Commonwealth of Enlighteners of Krasnoyarsk _d2026 215 ## _a17 с. 608 ## _aJournal article _2local 675 ## _aАнтропология. 572 _aФилософия культуры. Системы культуры. Культурологические учения. 130.2 _z 700 #1 _aKopceva _gMariya Sergeevna 856 4# _asiberianart-journal.ru _u